[Event "Olympiad Women 2024"]
[Site "Budapest HUN"]
[Date "2024.09.14"]
[Round "4.30"]
[Board "3"]
[White "Chang, Yolanda"]
[Black "Milovic, Aleksandra"]
[Result "0-1"]
[WhiteElo "1908"]
[BlackElo "2121"]
[PlyCount "86"]
[EventDate "2024.09.11"]
[WhiteTeam "New Zealand"]
[BlackTeam "Montenegro"]
[WhiteTeamCountry "NZL"]
[BlackTeamCountry "MNE"]

1. e4 c5 2. c3 d5 3. exd5 Qxd5 4. d4 Nf6 5. Nf3 Bg4 6. Nbd2 Nc6 7. Qa4 Bxf3 8. Nxf3 Qe4+ 9. Be3 cxd4 10. cxd4 e6 11. Bb5 Bd6 12. O-O O-O 13. Rfe1 $146 ({RR} 13. h3 Nb4 14. Nd2 Qf5 15. Nc4 Be7 16. Ne5 a6 17. Be2 Qc2 18. Qxc2 Nxc2 19. Rac1 Rac8 20. Bf3 Nd5 21. Bxd5 exd5 22. Rfd1 Bd6 23. Nd7 Rfd8 24. Nb6 Nxe3 25. fxe3 Rxc1 26. Rxc1 Bf8 27. Rc7 g6 {1-0 Muzychuk,M (2519)-Pavlidou,E (2104) 27th ECC Women 2023 (7.6)}) 13... Rfc8 14. Rad1 a6 15. Bxc6 Qxc6 16. Qb3 Qd5 17. Qd3 Qxa2 18. Bc1 Qc4 19. Qe3 Qc2 20. Ne5 Qf5 21. h3 Nd5 22. Qb3 b5 23. g4 Qc2 24. Qf3 Rc7 25. Rd2 Qb1 26. Rdd1 Bxe5 27. dxe5 Rac8 28. Bg5 Qxb2 29. h4 h6 30. Be3 Nxe3 31. Qxe3 Rc4 32. Qf3 Qb4 33. Kf1 Rxg4 34. Rd7 Qc4+ 35. Re2 Rf8 36. h5 b4 37. Qe3 Qc6 38. f3 Qxd7 39. fxg4 Qd1+ 40. Kg2 Qd5+ 41. Kh2 Rc8 42. Rf2 Rc5 43. Re2 Rc3 0-1

[Event "Olympiad Women 2024"]
[Site "Budapest HUN"]
[Date "2024.09.14"]
[Round "4.30"]
[Board "4"]
[White "Koljevic, Nikolina"]
[Black "Braganza, Nadia"]
[Result "1/2-1/2"]
[WhiteElo "2030"]
[BlackElo "1892"]
[PlyCount "161"]
[EventDate "2024.09.11"]
[WhiteTeam "Montenegro"]
[BlackTeam "New Zealand"]
[WhiteTeamCountry "MNE"]
[BlackTeamCountry "NZL"]

1. e4 c5 2. Nf3 g6 3. d4 cxd4 4. Nxd4 Nc6 5. c4 Nf6 6. Nc3 d6 7. Be2 Nxd4 8. Qxd4 Bg7 9. Bg5 O-O 10. Qd2 a5 11. Rd1 Be6 12. O-O a4 13. Qc2 ({RR} 13. Rfe1 Qa5 14. Bf1 Rfc8 15. Nd5 Qxd2 16. Bxd2 Bxd5 17. exd5 Re8 18. Bb4 Nd7 19. Ba3 Nc5 20. g3 b6 21. h4 h5 22. Bh3 f5 23. Kg2 Bf6 24. Kf3 Kf7 25. Re2 Rac8 26. Bf1 Ra8 27. Re3 Rec8 {½-½ Andreikin,D (2726)-Bernadskiy,V (2629) Titled Tuesday intern op 26th May blitz 2020 (3)}) ({RR} 13. f4 Qa5 14. f5 gxf5 15. exf5 Bxf5 16. Bxf6 Bxf6 17. Nd5 Bg6 18. Nxf6+ exf6 19. Qxa5 Rxa5 20. Rxd6 Re8 21. Bf3 Rc5 22. Bd5 Re2 23. Rb6 Be4 24. Bxe4 Rxe4 25. b3 axb3 26. axb3 Re2 27. Rbxf6 Rb2 {1-0 Poddubnyi,V (2304)-Horak,M (2333) Titled Tue 12th Mar Late 2024 (6)}) 13... Qa5 14. Nd5 $146 ({RR} 14. Bxf6 Bxf6 15. Nd5 Kg7 16. f4 Rfc8 17. Kh1 Bxd5 18. Rxd5 Rc5 19. Bg4 Rxd5 20. cxd5 Qb4 21. b3 axb3 22. axb3 Ra3 23. Bd1 Qa5 24. Qf2 Qc3 25. Qf3 Qd4 26. g4 Bh4 27. f5 g5 28. f6+ exf6 {0-1 Borosova,Z (2280)-Socko,M (2467) Olympiad Women-40 2012 (4.1)}) ({RR} 14. Bxf6 Bxf6 15. Nd5 Bxd5 16. Rxd5 Qc7 17. a3 Ra5 18. Rfd1 Rfa8 19. R1d2 Rc5 20. Qd3 Ra6 21. Rxc5 dxc5 22. Qd8+ Qxd8 23. Rxd8+ Kg7 24. Rd2 Bd4 25. Bd1 Kf6 26. Kf1 Ke5 27. f3 g5 28. h3 Kf4 {0-1 Vorontsov,P (2055)-Shalimov,V (2387) UKR-ch sf Alushta 2011 (1)}) 14... Bxd5 15. exd5 Rfc8 16. Qb1 Qb4 17. Rfe1 Rc7 18. Bd2 Qb6 19. Be3 Qa5 20. b4 axb3 21. axb3 Qb4 22. Bd2 Qa3 23. Bf3 h5 24. h3 b5 25. cxb5 Rb8 26. Bc1 Qc5 27. g4 Qxb5 28. gxh5 Qxb3 29. Be3 Nxh5 30. Bxh5 Qxb1 31. Rxb1 Rxb1 32. Rxb1 gxh5 33. Kg2 Bf6 34. Kf3 Rc4 35. Rg1+ Kf8 36. Ke2 Rh4 37. Rg3 Be5 38. Rf3 Bf6 39. Rg3 Be5 40. Rf3 Ke8 41. Bg5 Rd4 42. Rd3 Rc4 43. Rb3 f6 44. Be3 Bf4 45. Kf3 Bxe3 46. fxe3 Rh4 47. Kg3 Re4 48. Kf3 Re5 49. Rb5 Kf7 50. e4 f5 51. exf5 Rxf5+ 52. Ke4 Re5+ 53. Kd4 Kf6 54. Rb3 Kg5 55. Rf3 Kh4 56. Kc4 Re4+ 57. Kb5 Kg5 58. Kc6 Re5 59. Kd7 Rxd5 60. Kxe7 Rd1 61. Ke6 Rd2 62. Rf5+ Kh4 63. Rf3 Rd1 64. Kf5 Rd4 65. Ke6 Kg5 66. Rf5+ Kh4 67. Rf3 d5 68. Ke5 Rd1 69. Kf4 d4 70. Ke4 Rd2 71. Rf5 Rd1 72. Rf3 d3 73. Rf5 d2 74. Ke3 Rh1 75. Kxd2 Rxh3 76. Ke2 Rg3 77. Kf2 Ra3 78. Rf4+ Kg5 79. Rf3 Rxf3+ 80. Kxf3 h4 81. Kg2 1/2-1/2

[Event "Olympiad Women 2024"]
[Site "Budapest HUN"]
[Date "2024.09.14"]
[Round "4.31"]
[Board "1"]
[White "Terao, Juliana Sayumi"]
[Black "Cordero, Daniela"]
[Result "1-0"]
[WhiteElo "2161"]
[BlackElo "2017"]
[PlyCount "107"]
[EventDate "2024.09.11"]
[WhiteTeam "Brazil"]
[BlackTeam "Bolivia"]
[WhiteTeamCountry "BRA"]
[BlackTeamCountry "BOL"]

1. e4 e6 2. d4 d5 3. Nd2 a6 4. Ngf3 c5 5. exd5 exd5 6. Be2 Nf6 7. O-O Bd6 8. dxc5 Bxc5 9. Nb3 Bb6 10. Bg5 ({RR} 10. c3 h6 11. Bf4 Nc6 12. Nfd4 {½-½ Pavasovic,D (2579)-Grachev,B (2667) EU-ch 11th Rijeka 2010 (7)}) 10... O-O 11. c3 Re8 12. Nfd4 Nbd7 $146 ({RR} 12... Qd6 13. Bd3 Nc6 14. Re1 Rxe1+ 15. Qxe1 Bd7 16. Qd2 Ne4 17. Bxe4 dxe4 18. Nxc6 Qxc6 19. Be3 Bc7 20. Bf4 Bb6 21. Be3 Bc7 22. Bf4 Bb6 23. Be3 Bc7 24. Bf4 Bb6 25. Be3 Bc7 {½-½ Jepson,C (2310)-Karlsson,L (2480) SWE-ch Borlange 1992 (12)}) ({RR} 12... h6 13. Bf4 Nc6 14. Re1 Ne4 15. f3 Nc5 16. Nxc5 Bxc5 17. Qd2 Qb6 18. Be3 Nxd4 19. Bxd4 Bxd4+ 20. cxd4 Bd7 21. h3 Rac8 22. Rac1 Rxc1 23. Rxc1 Qd6 24. Bf1 Qg3 25. Qf2 Qxf2+ 26. Kxf2 Rc8 27. Rxc8+ {½-½ Korneev,O (2469)-Hirneise,J (2299) Wuerttemberg Masters 2024 (8.4)}) ({RR} 12... h6 13. Bh4 Nc6 14. Bf3 g5 15. Bg3 Ne5 16. Re1 Nxf3+ 17. Qxf3 Ne4 18. Rad1 Bd7 19. Nf5 Qf6 20. Nbd4 Rad8 21. Ne3 Qxf3 22. Nxf3 Bc6 23. Nf5 Kh7 24. N3d4 Bd7 25. Ne3 Be6 26. f3 Nxg3 27. hxg3 {1-0 Antolak,J (2323)-Fataliyeva,U (2301) Speed Chess (Women) Q5 blitz 2020 (5)}) 13. Re1 Nf8 14. Bf3 Be6 15. Nxe6 Nxe6 16. Bh4 g5 17. Bg3 Re7 18. Qd3 g4 19. Be2 Ng5 20. Qf5 Nge4 21. Bh4 g3 22. Bxg3 Nxg3 23. hxg3 Ne4 24. Nd4 Qd6 25. Bd3 Re5 26. Qf4 Rae8 27. Rad1 Qe7 28. Rf1 Bc7 29. Nf5 Qf6 30. Nh6+ Kg7 31. Ng4 Qxf4 32. gxf4 R5e6 33. f5 Rb6 34. Bxe4 Rxe4 35. f3 Re2 36. b4 h5 37. Nf2 Rxa2 38. Rxd5 Rc6 39. Ne4 Bb6+ 40. Kh2 h4 41. Kh3 Bc7 42. Rfd1 Bf4 43. Rd7 Rb6 44. Re7 Rb5 45. f6+ Kg6 46. Rd8 Bg3 47. Rg8+ Kf5 48. Rxf7 Kf4 49. Rg4+ Ke3 50. Re7 Be5 51. f7 Ra1 52. Rxh4 Rb6 53. Rxe5 Rg6 54. Rg5 1-0

[Event "Olympiad Women 2024"]
[Site "Budapest HUN"]
[Date "2024.09.14"]
[Round "4.31"]
[Board "2"]
[White "Monroy G., Nataly A."]
[Black "Librelato, Kathie Goulart"]
[Result "0-1"]
[WhiteElo "1939"]
[BlackElo "2181"]
[PlyCount "56"]
[EventDate "2024.09.11"]
[WhiteTeam "Bolivia"]
[BlackTeam "Brazil"]
[WhiteTeamCountry "BOL"]
[BlackTeamCountry "BRA"]

1. d4 Nf6 2. Nf3 e6 3. g3 b5 4. Bg2 Bb7 5. O-O c5 6. a4 a6 7. b3 d5 8. axb5 axb5 9. Rxa8 Bxa8 10. c4 b4 11. dxc5 $146 ({RR} 11. cxd5 Bxd5 12. Bb2 Nbd7 13. Nbd2 cxd4 14. Nxd4 Bxg2 15. Kxg2 Bc5 16. N4f3 O-O 17. Nc4 Qa8 18. Qd3 Qe4 19. Rd1 Qxd3 20. Rxd3 Ra8 21. Nfe5 Nxe5 22. Bxe5 Be7 23. Nb6 Rd8 24. Rxd8+ Bxd8 25. Bxf6 Bxf6 {½-½ Radusinovic,L (2293)-Kuru,A (2220) Caissa Hotel Mango Gp 2024 (10.3)}) 11... Bxc5 12. Ne5 Nbd7 13. Nd3 O-O 14. Nd2 Be7 15. Bb2 Qb6 16. e3 Bb7 17. Bd4 Qc7 18. Qa1 Ne4 19. Rd1 Ra8 20. Qb2 f6 21. cxd5 Nc3 22. Bxc3 bxc3 23. Qc2 exd5 24. Nf4 Nb6 25. Nb1 Ra1 26. Nxd5 Nxd5 27. Bxd5+ Bxd5 28. Nxc3 Qxc3 0-1

[Event "Olympiad Women 2024"]
[Site "Budapest HUN"]
[Date "2024.09.14"]
[Round "4.31"]
[Board "3"]
[White "Alboredo, Julia"]
[Black "Yepez Montenegro, Gloria Luz"]
[Result "1-0"]
[WhiteElo "2127"]
[BlackElo "1818"]
[PlyCount "79"]
[EventDate "2024.09.11"]
[WhiteTeam "Brazil"]
[BlackTeam "Bolivia"]
[WhiteTeamCountry "BRA"]
[BlackTeamCountry "BOL"]

1. e4 e6 2. d4 d5 3. e5 c5 4. c3 Nc6 5. Nf3 Bd7 6. Be2 cxd4 7. cxd4 Nge7 8. O-O Qb6 9. Nc3 Nf5 10. Na4 Qa5 11. Bd2 Qd8 12. Bc3 ({RR} 12. Be3 Be7 13. a3 O-O 14. Bd3 Nxe3 15. fxe3 Rc8 16. b4 b6 17. Rc1 Nxd4 18. Nxd4 Rxc1 19. Qxc1 Bxa4 20. Bb5 Bxb5 21. Nxb5 Qd7 22. Nd4 Rc8 23. Qd2 Qc7 24. Qf2 Rf8 25. Qf4 h6 26. h4 Qc3 {0-1 Sjugirov,S (2703)-Jobava,B (2578) Titled Tuesday intern op 20th Sep Late blitz 2022 (7)}) ({RR} 12. Bf4 Be7 13. g4 Nh4 14. Nxh4 Bxh4 15. Nc5 Bc8 16. Bg3 O-O 17. Rc1 Be7 18. a3 Na5 19. Rc3 b6 20. Nd3 Bb7 21. f4 Rc8 22. Rxc8 Bxc8 23. f5 Nc6 24. fxe6 Bxe6 25. Bf2 Bg5 26. Qe1 Qd7 {½-½ Thorfinnsson,B (2431)-Ragnarsson,D (2346) ch-ISL 2023 Hafnarfjordur ISL (1.3)}) 12... b5 13. Bxb5 $146 ({RR} 13. Nc5 Bxc5 14. dxc5 b4 15. Bd2 Qb8 16. Bd3 Nfe7 17. Re1 h6 18. h4 a5 19. Qe2 a4 20. Qe3 O-O 21. a3 b3 22. Bc3 Na7 23. Rad1 Bb5 24. Bb1 Qc7 25. Rc1 Nec6 26. Nh2 Qe7 27. g3 Rad8 {1-0 Kristjansson,S (2467)-Karapchanski,D (2270) Hastings Masters op 81st 2005 (2)}) 13... Nxe5 14. Bxd7+ Nxd7 15. b4 Bd6 16. Nc5 O-O 17. Qe2 Nb6 18. a4 Qe7 19. Ne5 Bxe5 20. Qxe5 Nc4 21. Qe2 a6 22. f4 Rfe8 23. Rae1 Ra7 24. Qd3 h5 25. Rf2 g6 26. g3 Kg7 27. Rfe2 Qc7 28. Rb1 Kg8 29. Be1 Rc8 30. Bf2 Qc6 31. Kg2 Raa8 32. h3 Kg7 33. g4 hxg4 34. hxg4 Ne7 35. Rbe1 e5 36. fxe5 Rh8 37. Qf3 Rh6 38. Qf6+ Kg8 39. Qxe7 Qc8 40. e6 1-0

[Event "Olympiad Women 2024"]
[Site "Budapest HUN"]
[Date "2024.09.14"]
[Round "4.31"]
[Board "4"]
[White "Gareca Ordonez, Carla Angelica"]
[Black "Dias, Clara"]
[Result "1-0"]
[WhiteElo "1778"]
[BlackElo "1954"]
[PlyCount "74"]
[EventDate "2024.09.11"]
[WhiteTeam "Bolivia"]
[BlackTeam "Brazil"]
[WhiteTeamCountry "BOL"]
[BlackTeamCountry "BRA"]

1. d4 d5 2. Nf3 Nf6 3. c4 c6 4. g3 Bg4 5. Ne5 Bf5 6. Bg2 e6 7. O-O Be7 ({RR} 7... Nbd7 8. f4 Be7 9. Nc3 O-O 10. e3 Rc8 11. Kh1 h6 12. b3 Bb4 13. Bb2 Bxc3 14. Bxc3 Be4 15. Bb4 Re8 16. Ng4 Bxg2+ 17. Kxg2 Ne4 18. Ne5 c5 19. Ba3 b6 20. Qh5 Nxe5 21. fxe5 Rc7 22. Rf4 {0-1 Wisniowski,N (1955)-Beulen,M (2359) Titled Tue 25th Jun Late 2024 (6)}) 8. Nc3 O-O 9. Re1 $146 ({RR} 9. a4 Nbd7 10. Nxd7 Qxd7 11. a5 Rac8 12. c5 Ne8 13. f3 e5 14. dxe5 Bxc5+ 15. Kh1 Rd8 16. Na4 Be7 17. Qd4 a6 18. Nc5 Qc8 19. Be3 Nc7 20. Rac1 Nb5 21. Qd2 Rfe8 22. Na4 Bf8 23. Bb6 Rd7 {0-1 Poessel,C (1998)-Ellemann,S (2041) Oberliga Ost-A 1920 2019 (8.7)}) ({RR} 9. e3 Nbd7 10. Nxd7 Qxd7 11. cxd5 exd5 12. Qb3 Rab8 13. Bd2 Bh3 14. Ne2 Bxg2 15. Kxg2 Bd6 16. Bb4 Rfe8 17. Bxd6 Qxd6 18. Nc3 a6 19. a4 a5 20. Rad1 Qc7 21. Rfe1 h5 22. Qc2 Rbc8 23. Qd3 b6 {1-0 Shnaiderman,L (1800)-Cowgill,J (964) San Francisco TNM Summer op 2013 (4)}) 9... Nbd7 10. Bf4 Ne4 11. Nxe4 Bxe4 12. Bxe4 dxe4 13. Qc2 f5 14. c5 Nxe5 15. Bxe5 Bf6 16. Red1 Qd5 17. Bd6 Rf7 18. e3 Be7 19. Be5 Bd8 20. Qc3 Bc7 21. b4 Rd8 22. Kg2 Rfd7 23. Bxc7 Rxc7 24. Rdb1 Re7 25. b5 cxb5 26. Rxb5 e5 27. Rb4 f4 28. gxf4 exf4 29. Qb3 f3+ 30. Kg3 Rf7 31. Qxd5 Rxd5 32. h4 g5 33. h5 Kg7 34. Rab1 Rdd7 35. Kg4 h6 36. Ra4 a6 37. Rab4 Kh7 1-0

[Event "Olympiad Women 2024"]
[Site "Budapest HUN"]
[Date "2024.09.14"]
[Round "4.32"]
[Board "1"]
[White "Gong, Qianyun"]
[Black "Ryjanova, Julia"]
[Result "1-0"]
[WhiteElo "2250"]
[BlackElo "2255"]
[PlyCount "85"]
[EventDate "2024.09.11"]
[WhiteTeam "Singapore"]
[BlackTeam "Australia"]
[WhiteTeamCountry "SIN"]
[BlackTeamCountry "AUS"]

1. e4 c5 2. Nf3 d6 3. c3 Nf6 4. Bd3 g6 5. O-O Bg7 6. Re1 O-O 7. h3 ({RR} 7. Bc2 Nc6 8. a4 a6 9. d3 Rb8 10. h3 b5 11. axb5 axb5 12. d4 Nd7 13. d5 Nce5 14. Nh2 b4 15. b3 c4 16. f4 bxc3 17. bxc4 Nxc4 18. Na3 Ra8 19. Nf3 Qb6+ 20. Kh1 Qc5 21. Nxc4 Rxa1 {0-1 Cueto,J (2095)-Marra,E (2175) Sampa Chess Open 2024 (5.9)}) 7... Nc6 8. Bb5 Bd7 $146 ({RR} 8... a6 9. Bxc6 bxc6 10. d3 Qc7 11. Nbd2 a5 12. e5 Nd5 13. Ne4 dxe5 14. Nxc5 Nf4 15. Bxf4 exf4 16. d4 Re8 17. Ne5 Rb8 18. Ned3 g5 19. Qh5 h6 20. h4 gxh4 21. Ne5 Rf8 22. b3 Rb5 23. a4 {1-0 Handke,F (2539)-Mueller,W (2062) Bundesliga 2122 2022 (2.7)}) 9. d4 Nxd4 10. Nxd4 cxd4 11. Bxd7 Nxd7 12. cxd4 Qb6 13. Be3 Qxb2 14. Nd2 Qb5 15. Rb1 Qa6 16. Qb3 b6 17. Bg5 Rfe8 18. Nf3 Rac8 19. Qe3 Rc2 20. a3 Nf8 21. e5 d5 22. Rbc1 Rxc1 23. Rxc1 Ne6 24. Qb3 Qb7 25. Be3 Rd8 26. Ne1 f6 27. Nd3 fxe5 28. dxe5 Rd7 29. f4 Nd8 30. Bf2 e6 31. Bh4 Nc6 32. Qc3 Na5 33. f5 gxf5 34. Nf4 Nc4 35. Nxe6 Bxe5 36. Qf3 Nd6 37. Nd8 Qa8 38. Nc6 Nf7 39. Nxe5 Nxe5 40. Qxf5 Qe8 41. Re1 Qf8 42. Qxe5 Qc5+ 43. Bf2 1-0

[Event "Olympiad Women 2024"]
[Site "Budapest HUN"]
[Date "2024.09.14"]
[Round "4.32"]
[Board "2"]
[White "Zhang, Jilin"]
[Black "Pang, Kay Yan Eden"]
[Result "1-0"]
[WhiteElo "2155"]
[BlackElo "1847"]
[PlyCount "115"]
[EventDate "2024.09.11"]
[WhiteTeam "Australia"]
[BlackTeam "Singapore"]
[WhiteTeamCountry "AUS"]
[BlackTeamCountry "SIN"]

1. e4 c5 2. Nf3 e6 3. c3 d5 4. e5 Nc6 5. d4 Nge7 6. a3 a5 7. Bd3 Nf5 8. O-O Be7 ({RR} 8... cxd4 9. Bxf5 exf5 10. cxd4 Be6 11. Nc3 h6 12. Qb3 Rb8 13. Nb5 Be7 14. Bd2 O-O 15. Rfc1 g5 16. Ne1 f4 17. Nd3 Qb6 18. Bc3 Nb4 19. axb4 Qxb5 20. Nc5 axb4 21. Qxb4 Qe2 22. Qa4 Qg4 23. f3 {½-½ Savic,M (2542)-Arapovic,V (2374) Sarajevo Bosnia-B 38th 2008 (8)}) 9. dxc5 ({RR} 9. Re1 O-O 10. Nbd2 a4 11. Nf1 b6 12. Ne3 cxd4 13. Nxf5 exf5 14. Nxd4 Nxd4 15. cxd4 Be6 16. Bd2 Qd7 17. Rc1 Rfc8 18. Qe2 Rxc1 19. Rxc1 Rc8 20. Qd1 Rxc1 21. Qxc1 h6 22. f4 b5 23. Bb4 Qa7 {1-0 Manukian,A (2196)-Bogaudinov,R (1853) Titled Tue 20th Feb Early 2024 (7)}) 9... Bxc5 10. Nbd2 O-O $146 ({RR} 10... a4 11. b3 O-O 12. bxa4 Nh4 13. Nxh4 Qxh4 14. Nf3 Qxa4 15. Qe2 h6 16. Be3 Qa7 17. Bc1 b6 18. Bb1 f5 19. exf6 Rxf6 20. Bb2 Ba6 21. c4 Bxc4 22. Qc2 Rf5 23. Re1 Qf7 24. Qc3 Rxf3 25. Qxf3 {0-1 Moen,O (2210)-Farago,I (2420) Gausdal International 1976 (2)}) 11. Nb3 Bb6 12. Nbd4 Bc7 13. Bg5 Qe8 14. Re1 h6 15. Bd2 Ncxd4 16. cxd4 b5 17. Rc1 Bb6 18. Qe2 Bd7 19. Bb1 Qe7 20. Qd3 g6 21. g4 Nh4 22. Bxh6 Nxf3+ 23. Qxf3 Rfc8 24. Qf4 Bd8 25. h4 f5 26. Bg5 Qf7 27. Bxd8 Rxd8 28. gxf5 exf5 29. Rc7 Qe6 30. Rec1 Rdc8 31. Qg5 Rxc7 32. Rxc7 Rc8 33. Rxc8+ Bxc8 34. h5 Kh7 35. hxg6+ Qxg6 36. Qxg6+ Kxg6 37. Kg2 Kg5 38. Kf3 f4 39. b4 axb4 40. axb4 Bg4+ 41. Kg2 Be6 42. Bd3 Bd7 43. e6 Be8 44. Bh7 Kf6 45. Bg8 Bh5 46. Kh3 Be2 47. Kh4 Bf3 48. e7 Kxe7 49. Kg5 Kd6 50. Kxf4 Bd1 51. Kf5 Bf3 52. Kf6 Bg2 53. f4 Bf3 54. Bf7 Bg2 55. Bh5 Bf1 56. Bg4 Bd3 57. f5 Bf1 58. Kf7 1-0

[Event "Olympiad Women 2024"]
[Site "Budapest HUN"]
[Date "2024.09.14"]
[Round "4.32"]
[Board "3"]
[White "Koh, Wei Le Gladys"]
[Black "Nguyen, Thu Giang"]
[Result "0-1"]
[WhiteElo "1788"]
[BlackElo "2068"]
[PlyCount "58"]
[EventDate "2024.09.11"]
[WhiteTeam "Singapore"]
[BlackTeam "Australia"]
[WhiteTeamCountry "SIN"]
[BlackTeamCountry "AUS"]

1. e4 c6 2. d4 d5 3. e5 c5 4. dxc5 e6 5. a3 Bxc5 6. b4 Be7 7. Bb2 a5 8. b5 Nd7 9. Nf3 f6 10. c4 ({RR} 10. Bd3 Nh6 11. c4 Nxe5 12. Nxe5 fxe5 13. Bxe5 dxc4 14. Bxc4 Qxd1+ 15. Kxd1 Ng4 16. Bg3 Rf8 17. Ra2 Bd7 18. h3 Rc8 19. Bb3 Nf6 20. Re1 Bxb5 21. Bxe6 Rd8+ 22. Kc1 Bd7 23. Bb3 Rc8+ 24. Kd1 a4 {½-½ Pichot,A (2637)-Mareco,S (2619) 97th ch-ARG 2022 (3.6)}) 10... Nb6 $146 ({RR} 10... Nxe5 11. Nxe5 fxe5 12. cxd5 Nf6 13. Bxe5 Qxd5 14. Qxd5 exd5 15. Nc3 O-O 16. Bd4 Be6 17. Bd3 Rac8 18. O-O Bc5 19. Ne2 b6 20. a4 Rfe8 21. Rac1 Kf7 22. f3 g6 23. Kf2 Rc7 24. Rc2 Rec8 25. Rfc1 {1-0 Perske,T (2448)-Arias,J (2333) Titled Tue 1st Aug Early 2023 (5)}) ({RR} 10... Nxe5 11. Nxe5 fxe5 12. Bxe5 Nf6 13. Nc3 O-O 14. Be2 Nd7 15. Bg3 Nb6 16. cxd5 exd5 17. O-O a4 18. Re1 d4 19. Ne4 Bf5 20. Bg4 Qd7 21. Bxf5 Rxf5 22. Rc1 Bf8 23. Rc7 Qd5 24. Qg4 Rc8 25. Rxb7 {1-0 Ponkratov,P (2564)-Gunina,V (2425) Eastern Economic Forum 2024 (7.5)}) ({RR} 10... Nxe5 11. Nxe5 fxe5 12. cxd5 Nf6 13. Bxe5 exd5 14. Be2 O-O 15. Nc3 Be6 16. O-O Rc8 17. Bf3 Bd6 18. Bxd6 Qxd6 19. Ne2 Bg4 20. Nd4 Bxf3 21. Nxf3 Rc3 22. a4 Rfc8 23. Nd4 R3c4 24. Re1 Qf4 25. Ne6 {½-½ Hu,Y (2061)-Guo Qi (2371) China zt 3.5 Women 2023 (1.3)}) 11. Nbd2 Nh6 12. Bd3 Nf7 13. O-O f5 14. Rc1 dxc4 15. Nxc4 Nd5 16. a4 O-O 17. Qb3 Bd7 18. Rfd1 g6 19. Ba3 Bb4 20. Bf1 Qe7 21. Bb2 Bc5 22. Ne1 Ng5 23. Nd6 Ne4 24. Nxe4 fxe4 25. Bd4 Rac8 26. Bxc5 Rxc5 27. Rxc5 Qxc5 28. Qc2 Qb6 29. Be2 Qxf2+ 0-1

[Event "Olympiad Women 2024"]
[Site "Budapest HUN"]
[Date "2024.09.14"]
[Round "4.32"]
[Board "4"]
[White "Vincent, Alaina"]
[Black "Fang, Kun"]
[Result "0-1"]
[WhiteElo "1976"]
[BlackElo "1769"]
[PlyCount "92"]
[EventDate "2024.09.11"]
[WhiteTeam "Australia"]
[BlackTeam "Singapore"]
[WhiteTeamCountry "AUS"]
[BlackTeamCountry "SIN"]

1. e4 e5 2. Nf3 Nc6 3. Bb5 a6 4. Ba4 Nf6 5. O-O Be7 6. Bxc6 dxc6 7. d3 Nd7 8. Be3 c5 ({RR} 8... a5 9. a4 O-O 10. Nc3 Re8 11. Ne2 Bf8 12. Nd2 Nc5 13. Nc4 b6 14. Ng3 f6 15. f4 exf4 16. Bxf4 Be6 17. b3 b5 18. axb5 cxb5 19. Nxa5 Qd7 20. Kh1 Ra6 21. Bd2 Rea8 22. b4 Nb7 23. Qe1 {0-1 Caruana,F (2805)-Esipenko,A (2704) Chess.com Classic Div 2 L 2024 (2.3)}) 9. a4 ({RR} 9. Nc3 O-O 10. a4 b6 11. Nd2 Nb8 12. Nd5 Be6 13. Nxe7+ Qxe7 14. f4 exf4 15. Rxf4 Nc6 16. Qh5 f6 17. Raf1 Nb4 18. Qd1 f5 19. Nf3 fxe4 20. Rxe4 Qd7 21. a5 Bd5 22. Rf4 Rxf4 23. Bxf4 Bxf3 {1-0 Romanov,E (2596)-Ritviz,P (2346) 17th Agzamov Mem 2024 (2.4)}) 9... O-O 10. Nbd2 b6 $146 ({RR} 10... f6) 11. Kh1 Re8 12. Ng1 Nf8 13. f4 exf4 14. Bxf4 Ng6 15. Qf3 Be6 16. Bg3 Bf6 17. c3 Qd7 18. Rae1 Rad8 19. e5 Bg4 20. Qf2 Bxe5 21. Nc4 Bf6 22. Nf3 Rxe1 23. Rxe1 Be6 24. Nce5 Nxe5 25. Nxe5 Qxa4 26. h3 Bxe5 27. Bxe5 Rxd3 28. Bxc7 Qc6 29. Bg3 Bxh3 30. Kh2 Be6 31. Ra1 a5 32. b4 cxb4 33. cxb4 axb4 34. Qf4 h6 35. Qxb4 Rb3 36. Qd4 Qd5 37. Qh4 Rb2 38. Bf2 Kh7 39. Kg1 b5 40. Qg3 b4 41. Rf1 b3 42. Be1 Rc2 43. Bf2 b2 44. Be3 Qd3 45. Qf4 Re2 46. Bf2 b1=Q 0-1

[Event "Olympiad Women 2024"]
[Site "Budapest HUN"]
[Date "2024.09.14"]
[Round "4.33"]
[Board "1"]
[White "Mendoza, Shania Mae"]
[Black "Ortez, Andrea"]
[Result "1-0"]
[WhiteElo "2013"]
[BlackElo "1948"]
[PlyCount "119"]
[EventDate "2024.09.11"]
[WhiteTeam "Philippines"]
[BlackTeam "El Salvador"]
[WhiteTeamCountry "PHI"]
[BlackTeamCountry "ESA"]

1. e4 c5 2. Nc3 Nc6 3. f4 g6 4. Nf3 Bg7 5. Bb5 Nd4 6. a4 a6 7. Bc4 e6 8. O-O Ne7 9. e5 ({RR} 9. d3 d5 10. Ba2 O-O 11. Kh1 b5 12. axb5 axb5 13. Nxd4 cxd4 14. Ne2 dxe4 15. dxe4 Bb7 16. Qd3 Ra7 17. f5 Qa8 18. f6 Bxe4 19. Qg3 Bxf6 20. Rxf6 Rxa2 21. Rxa2 Qxa2 22. Bh6 Nf5 23. Rxf5 exf5 {1-0 Hernandez Guerrero,G (2568)-Gulko,B (2618) Carlos Torre Memorial op 12th 1999 (9)}) ({RR} 9. d3 d5 10. Ba2 b5 11. f5 gxf5 12. exd5 b4 13. dxe6 fxe6 14. Ne2 b3 15. Bxb3 Nxb3 16. cxb3 Nd5 17. Nf4 Nxf4 18. Bxf4 O-O 19. Qe2 Qd5 20. Be5 Ra7 21. Rac1 Rb7 22. Rc4 Rxb3 23. Bxg7 Kxg7 {½-½ Alinasab,M (2340)-Bilych,O (2451) Ponte de Lima Open 2024 (4.3)}) 9... d5 10. Be2 $146 ({RR} 10. exd6 Qxd6 11. d3 Nxf3+ 12. Qxf3 Nf5 13. Ne4 Qe7 14. a5 Bd7 15. c3 Rc8 16. g4 Nh4 17. Qf2 h5 18. f5 gxf5 19. Bg5 fxe4 20. Bxe7 Nf3+ 21. Kh1 Kxe7 22. g5 exd3 23. Bd5 Ne5 24. Bxb7 Rc7 {0-1 Jacob,G (2175)-Hunt,H (2360) Groningen op 1997 (3)}) ({RR} 10. exd6 Nef5 11. Ne4 Nxd6 12. Nxd6+ Qxd6 13. d3 O-O 14. c3 Nxf3+ 15. Qxf3 Qc7 16. a5 Bd7 17. Be3 Rac8 18. Ra3 Rfd8 19. Qe2 Bb5 20. Raa1 Rd7 21. Bxb5 axb5 22. Rfd1 Qc6 23. Qf2 Rd5 24. Rd2 Rcd8 {½-½ Fries Nielsen,J (2400)-Magalotti,A (2220) Forli op 1990 (1)}) 10... Nec6 11. Nxd4 Nxd4 12. Bf3 O-O 13. Ne2 Nxe2+ 14. Qxe2 Bd7 15. d3 Qe7 16. Bd2 Rac8 17. c3 Bc6 18. d4 b5 19. a5 c4 20. g4 f5 21. exf6 Qxf6 22. Rfe1 Bd7 23. g5 Qf7 24. Bg4 Rfe8 25. Qf3 Bf8 26. Re2 Bd6 27. Rae1 Re7 28. h4 Rf8 29. Rf1 e5 30. dxe5 Bxg4 31. Qxg4 Rxe5 32. Rxe5 Bxe5 33. Be3 Bg7 34. Bc5 Re8 35. Kg2 d4 36. cxd4 Bxd4 37. Bxd4 Qd5+ 38. Qf3 Qxd4 39. Rf2 b4 40. h5 gxh5 41. Qxh5 Qd5+ 42. Kh2 Re1 43. Rg2 Qd1 44. Qxd1 Rxd1 45. Rc2 Rd4 46. Kg3 Rd3+ 47. Kg4 c3 48. bxc3 Rxc3 49. Rd2 b3 50. Rd8+ Kg7 51. Rb8 Rc5 52. Rb7+ Kg8 53. Rxb3 Rxa5 54. Rb8+ Kg7 55. Rb7+ Kg8 56. Ra7 Ra1 57. Kf5 Ra4 58. Ke5 a5 59. f5 Ra1 60. Kf6 1-0

[Event "Olympiad Women 2024"]
[Site "Budapest HUN"]
[Date "2024.09.14"]
[Round "4.33"]
[Board "2"]
[White "Garcia, Angie"]
[Black "Frayna, Janelle Mae"]
[Result "0-1"]
[WhiteElo "2015"]
[BlackElo "2216"]
[PlyCount "76"]
[EventDate "2024.09.11"]
[WhiteTeam "El Salvador"]
[BlackTeam "Philippines"]
[WhiteTeamCountry "ESA"]
[BlackTeamCountry "PHI"]

1. e4 g6 2. d4 Bg7 3. Nc3 d6 4. f4 a6 5. a4 e6 6. Nf3 Ne7 ({RR} 6... Nc6 7. Be3 d5 8. e5 h5 9. Bf2 b6 10. Bh4 Qd7 11. Bg5 Bb7 12. Na2 Nh6 13. Bd3 Nf5 14. c3 Na5 15. Bxf5 exf5 16. Nc1 Nc6 17. O-O a5 18. Re1 O-O 19. Qe2 Ba6 20. Qf2 Nd8 21. Bxd8 {1-0 Stotyn,F (2227)-Biebinger,G (2263) Erfurt op 28th 2018 (8)}) 7. Bd3 Nd7 8. O-O c5 9. Be3 $146 ({RR} 9. f5 cxd4 10. Ne2 e5 11. Bc4 gxf5 12. Ng5 O-O 13. Ng3 d5 14. exd5 Nf6 15. Nh5 Nexd5 16. Bxd5 Nxd5 17. Nxg7 Kxg7 18. Nxh7 Rh8 19. Ng5 Ne3 20. Bxe3 dxe3 21. Qxd8 Rxd8 22. Rfe1 Kf6 23. h4 f4 {0-1 Jarmula,L (1801)-Nowicki,B (2067) Polanica Zdroj op-B 46th 2010 (3)}) 9... cxd4 10. Nxd4 Nc5 11. Be2 O-O 12. Qe1 Qc7 13. Qg3 d5 14. Bf3 dxe4 15. Nxe4 Nd5 16. Bf2 Nxe4 17. Bxe4 Qxf4 18. Qxf4 Nxf4 19. Bf3 e5 20. Be3 Nxg2 21. Bxg2 exd4 22. Bf4 Bf5 23. c3 dxc3 24. bxc3 Bxc3 25. Rac1 Bd4+ 26. Kh1 b5 27. axb5 axb5 28. Bxa8 Rxa8 29. Kg2 Be4+ 30. Kh3 Ra3+ 31. Bg3 Bf5+ 32. Rxf5 gxf5 33. Rf1 b4 34. Rxf5 b3 35. Rg5+ Kh8 36. Rb5 b2 37. Kg4 Ra1 38. Rb8+ Kg7 0-1